Nos habíamos amado tanto: un aporte al debate sobre el divorcio en Chile
Uloženo v:
| Médium: | Kniha |
|---|---|
| Jazyk: | španělština |
| Vydáno: |
Santiago
CORCEPS
1992
|
| Témata: | |
| Tagy: |
Přidat tag
Žádné tagy, Buďte první, kdo vytvoří štítek k tomuto záznamu!
|
MARC
| LEADER | 00000nam a2200000 a 4500 | ||
|---|---|---|---|
| 001 | UCY1130 | ||
| 003 | CL-VaPUC | ||
| 008 | 940822e19920000CL |||||||||||||||||spa|d | ||
| 082 | 0 | 4 | |a 306.89 |b NOS |2 21 |
| 245 | 1 | 0 | |a Nos habíamos amado tanto: un aporte al debate sobre el divorcio en Chile |
| 300 | |a 72 p | ||
| 942 | |c BK | ||
| 945 | |d 19940822 00:00:00 |a rbrito | ||
| 260 | |a Santiago |b CORCEPS |c 1992 | ||
| 650 | 0 | |a Divorcio |9 256204 | |
| 650 | 0 | |a Aspectos jurídicos |9 328188 | |
| 651 | 7 | |a CHILE |2 CL-VaPUC |9 329016 | |
| 583 | |a last modification |c 19940822 00:00:00 |k Rodrigo Vera | ||
| 999 | |c 229921 |d 229919 | ||
| 952 | |0 0 |1 0 |4 0 |6 306_890000000000000_NOS_1992 |7 0 |8 P |9 231655 |a BIBEDU |b BIBEDU |c BIBEDU_PB |d 2019-11-15 |i 3004031 |o 306.89 NOS 1992 |p 3004031 |r 2024-01-25 |w 2019-11-15 |y BK |k EDU | ||
| 952 | |0 0 |1 0 |4 0 |6 306_890000000000000_NOS_1992 |7 0 |8 P |9 231656 |a BIBEDU |b BIBEDU |c BIBEDU_PB |d 2019-11-15 |i 3004317 |o 306.89 NOS 1992 |p 3004317 |r 2024-01-25 |w 2019-11-15 |y BK |k EDU | ||